000 00503nam a2200145 4500
999 _c10465
_d10465
008 180830b ||||| |||| 00| 0 eng d
022 _a16565649
082 _aDPer 303.405 H22 June -Sept 2016 v.12 n. 7-10
100 _930733
_aSeng, Ng Chong.
245 _aWindows 10 anniversary update:
_btop 5/
_ctoNg Chong Seng.
260 _aQuezon City:
_bHardware Zone Phils. Corp.,
_c©June -Sept 2016.
300 _av12 n7, pages 90-91:
_billustrations;
_c28 cm.
650 0 _930734
_aDevices
942 _2ddc
_cPER